| 000 | 00391nam a22001577a 4500 | ||
|---|---|---|---|
| 999 |
_c532104 _d532104 |
||
| 003 | NUST | ||
| 005 | 20191108114002.0 | ||
| 008 | 191108b ||||| |||| 00| 0 eng d | ||
| 038 | _aMSOHAIL | ||
| 082 | _a0 | ||
| 100 |
_aAdolf Hitler / ایڈولف ہٹلر _925416 |
||
| 245 | _aAap beeti meri Jadojehad | ||
| 260 |
_aLahore _bFiction House _cc2014 |
||
| 300 | _ap;304 | ||
| 942 |
_2ddc _cBK |
||